LEADER 01535nam0-22003011i-450- 001 990002029950403321 005 20160628084758.0 035 $a000202995 035 $aFED01000202995 035 $a(Aleph)000202995FED01 035 $a000202995 100 $a20030910g19601973km-y0itay50------ba 101 0 $alat 102 $aNL 200 1 $aTrichopterorum catalogus$fby F.C.J. Fischer 210 $aAmsterdam$cNederlandsche entomologische Vereeniging$d1960-1973 215 $a15 v.$d24 cm 327 1 $a1.: Necrotauliidae, Prosepididontidae, Rhyacophilidae$a2.: Philopotamidae, Hydroptilidae, Stenopsychidae$a3.: Polycentropodidae, Psychomydae$a4.: Hydropsychidae, Arctopsychidae$a5.: Phryganeidae, Limnocentropodidae, Molannidae$a6.: Calamoceratidae, Philorheithridae, Odontoceridae: Leptoceridae pars 1$a7.: Leptoceridae pars 2$a8.: Goeridae, Limnephilidae : pars 1 /$a9.: Limnephilidae pars 2$a10.: Limnephilidae pars 3$a11.: Philanisidae, Lepidostomatidae, Brachycentridae et al.$a12.: Supplement to vol. 1. and 2 : Microptysmatidae ...$a13.: Supplement to vol. 3 and 4: Polycentropodidae, Psychomyiidae ...$a14.: Supplement to vol. 5,6,7: Phryganeidae, Plectrotarsidae...$a15.: Supplement to vol. 8,9,10,11: Goeridae, Limnephilidae... 610 0 $aTricotteri 610 0 $aTrichoptera 676 $a595.745 700 1$aFischer,$bF.C.J.$0360376 801 0$aIT$bUNINA$gRICA$2UNIMARC 901 $aBK 912 $a990002029950403321 952 $a61 IV B.7/14$bOpv 1562 (30/5/62)$fDAGEN 959 $aDAGEN 997 $aUNINA LEADER 01525cam2-2200445---450- 001 990002466630203316 005 20140911142754.0 010 $a88-8416-082-0 035 $a000246663 035 $aUSA01000246663 035 $a(ALEPH)000246663USA01 035 $a000246663 100 $a20050906d2005----km-y0itay50------ba 101 1 $aita$cfre 102 $aIT 105 $aaf||||||001yy 200 1 $aAntonin Artaud$eforsennare il soggettile$fJacques Derrida$ga cura di Alfonso Cariolato 210 $aMilano$cAbscondita$d2005 215 $a114 p., [23] carte di tav.$cill.$d22 cm 225 2 $aCarte d'artisti$v62 300 $aPubblicato originariamente in: Antonin Artaud, di Paule Thevenin, J. Derrida 410 0$1001000122838$12001$aCarte d'artisti$v, 62 454 0$12001$aForcener le subjectile$927350 600 1$aArtaud,$bAntonin$xDisegni$2BNCF 676 $a741.092 700 1$aDERRIDA,$bJacques$0139765 702 1$aCARIOLATO,$bAlfonso 801 0$aIT$bsalbc$gISBD 912 $a990002466630203316 951 $aXII.2. Coll. 47/ 17(IV C 3897)$b182282 L.M.$cXII.2. Coll.$d00182425 959 $aBK 969 $aUMA 979 $aRIVELLI$b90$c20050906$lUSA01$h1337 979 $aRIVELLI$b90$c20050906$lUSA01$h1339 979 $aANNAMARIA$b90$c20110126$lUSA01$h0932 979 $aANNAMARIA$b90$c20110126$lUSA01$h0942 979 $aANNAMARIA$b90$c20110126$lUSA01$h0949 979 $aANNAMARIA$b90$c20140911$lUSA01$h1427 996 $aForcener le subjectile$927350 997 $aUNISA